Statistics for Word Puzzles - U.S. Cities

Click here to take the quiz!

General Stats

  • This quiz has been taken 9,063 times
  • The average score is 13 of 20

Answer Stats

Word Puzzle Solution U.S. City % Correct
24 Hours + 2000 lbsDay + TonDayton
93%
Season After Winter + Farmer's LandSpring + FieldSpringfield
91%
BisonBuffaloBuffalo
86%
Employer + Can MetalBoss + TinBoston
83%
Wealthy + To Fix ClothesRich + MendRichmond
80%
Mr. Hefner + Large PebbleHugh + StoneHouston
80%
Short Skirt + Red Fruit + Not MoreMini + Apple + LessMinneapolis
71%
Follower of Judaism + Not YesJew + NoJuneau
70%
Fox Home + Animal PeltDen + FurDenver
69%
Timid + Miss HathawayShy + AnneCheyenne
66%
Possessive 'I' + French FriendMy + AmiMiami
62%
Gun Sound + Boat PaddleBang + OarBangor
60%
Service Charge + Fleetwood Mac's StevieFee + NicksPhoenix
60%
Young Man + Large Body of WaterBoy + SeaBoise
59%
Mineral Deposit + Star Wars' CalrissianOre + LandoOrlando
54%
Young Female Horse + Actor Lundgren + German YesFilly + Dolph + JaPhiladelphia
54%
Go By Boat + Dorothy Gale's AuntSail + EmSalem
50%
Hot Dog + Sumpter/Knox Etc.Frank + FortFrankfort
50%
SpongeBob's squirrel friend + Waffle BrandSandy + EggoSan Diego
43%
Genghis + Three Simultaneous NotesKhan + ChordConcord
38%

Score Distribution

Percentile by Number Answered

Percent of People with Each Score

Your Score History

You have not taken this quiz